00217 a2200109 4500001000700000020000600007040001100013100001700024240003100041245002600072362000900098162503 a  cMagnum aRegina, Tia.10aO paraiso dos insetoslpor10aO paraiso dos insetos0 a1899